LEADER 01744oam 2200505M 450 001 9910715747703321 005 20191123063222.3 035 $a(CKB)5470000002514598 035 $a(OCoLC)1066005036 035 $a(OCoLC)995470000002514598 035 $a(EXLCZ)995470000002514598 100 $a20070221d1851 ua 0 101 0 $aeng 135 $aurcn||||||||| 181 $ctxt$2rdacontent 182 $cc$2rdamedia 183 $acr$2rdacarrier 200 10$aA.C. French and others -- for Jacob Shy. March 3, 1851. Laid upon the table, and ordered to be printed 210 1$a[Washington, D.C.] :$c[publisher not identified],$d1851. 215 $a1 online resource (1 page) 225 1 $aHouse report / 31st Congress, 2nd session. House ;$vno. 100 225 1 $a[United States congressional serial set ] ;$v[serial no. 606] 300 $aBatch processed record: Metadata reviewed, not verified. Some fields updated by batch processes. 300 $aFDLP item number not assigned. 606 $aBounties, Military 606 $aClaims 606 $aLand grants 606 $aMilitary pensions 606 $aDisabled veterans 607 $aUnited States$xHistory$yWar of 1812 608 $aLegislative materials.$2lcgft 615 0$aBounties, Military. 615 0$aClaims. 615 0$aLand grants. 615 0$aMilitary pensions. 615 0$aDisabled veterans. 701 $aHenry$b William$f1788-1861$pWhig (VT)$01397060 801 0$bWYU 801 1$bWYU 801 2$bOCLCO 801 2$bOCLCQ 906 $aBOOK 912 $a9910715747703321 996 $aA.C. French and others -- for Jacob Shy. March 3, 1851. Laid upon the table, and ordered to be printed$93458227 997 $aUNINA LEADER 02286nas 2200469 n 450 001 990008911010403321 005 20240229084332.0 011 $a0004-6213 035 $a000891101 035 $aFED01000891101 035 $a(Aleph)000891101FED01 035 $a000891101 091 $2CNR$aP 00001417 100 $a20161109b19641983km-y0itaa50------ba 101 0 $aeng 102 $aUS 110 $aauu-------- 200 1 $aAstronautics and aeronautics 207 1$a1964-1983 210 $aEaston$cAmerican Institute of Aeronautics and Astronautics 430 0$1001000891102$12001$aAstronautics and aerospace engineering 434 0$12001$aAIAA bulletin 440 0$1001000888747$12001$aAerospace America 530 0 $aAstronautics and aeronautics 675 $a629.7 675 $a629.19 676 $a629.105 712 02$aAmerican Institute of Aeronautics and Astronautics 801 0$aIT$bACNP$c20090723 859 4 $uhttp://acnp.cib.unibo.it/cgi-ser/start/it/cnr/dc-p1.tcl?catno=769&person=false&language=ITALIANO&libr=&libr_th=unina1$zBiblioteche che possiedono il periodico 901 $aSE 912 $a990008911010403321 958 $aBiblioteca. Dipartimento di Ingegneria aerospaziale. Sezione Spazio "Luigi G. Napolitano". Università degli studi di Napoli Federico II$b1964-1983.$c1964-1968;1970-1976;1978;1981-1983.$fDINAE 958 $aBiblioteca Centrale "F. Gasparini". Facoltà di Ingegneria. Università degli Studi di Napoli "Federico II"$b1964-1975;$edVIf5$fFINBC FINAG 959 $aDINAE 959 $aFINBC 959 $aFINAG 996 $aAstronautics and aeronautics$9800078 997 $aUNINA AP1 8 $6866-01$aNA099 Biblioteca. Dipartimento di Ingegneria aerospaziale. Sezione Spazio "Luigi G. Napolitano". Università degli studi di Napoli Federico II$ep.le Tecchio,80, Napoli (NA)$m(081) 7682355$nit AP1 8 $6866-02$aNA104 Biblioteca Centrale "F. Gasparini". Facoltà di Ingegneria. Università degli Studi di Napoli "Federico II"$bdVIf5$ep.le Tecchio,80, 80125 Napoli (NA)$m0817682190;0817682195$m0817682188$nit AP2 40$aacnp.cib.unibo.it$nACNP Italian Union Catalogue of Serials$uhttp://acnp.cib.unibo.it/cgi-ser/start/it/cnr/df-p.tcl?catno=769&language=ITALIANO&libr=&person=&B=1&libr_th=unina&proposto=NO